| 000 | 00437nam a2200109Ia 4500 | ||
|---|---|---|---|
| 008 | 160909s9999 xx 000 0 und d | ||
| 100 | _aBlack, Candace Jasmine | ||
| 245 | 4 | _aThe life history narrative: How early events and psychological processes relate to biodemographic measures of life history | |
| 260 |
_bThe University of Arizona. _c2016 |
||
| 650 | _aPSYCHOLOGY | ||
| 856 | _uhttp://pqdtopen.proquest.com/doc/1786940306.html?FMT=ABS | ||
| 999 |
_c304132 _d304132 |
||